| 000 | 00434nam a2200145 4500 | ||
|---|---|---|---|
| 082 | _aBSCS-2 KAM | ||
| 100 | _aNAILA KAMRAN CHAUDHRY | ||
| 245 | _aSMART POLL | ||
| 260 |
_aISLAMABAD _bNUST-SEECS _c2016 |
||
| 300 |
_a44p. _eCD INCLUDES |
||
| 856 | _uhttp://10.250.8.41:8080/xmlui/handle/123456789/8990 | ||
| 942 |
_2ddc _cTHE |
||
| 999 |
_c173089 _d173089 |
||